Investigación, innovación /

La presente colección editada por al CEAAL tiene como objetivo compartir algunas reflexiones y experiencias destinadas a servir como insumo en los eventos de capacitación y formación de profesores en el campo de la educación popular.

Guardado en:
Detalles Bibliográficos
Formato: Libro
Idioma:Español
Publicado: Santiago, Chile : Consejo de Educación de Adultos de América Latina, 1997, c1997
Colección:(Materiales para la Formación de Educadores desde la Educación Popular ; 4)
Temas:
Etiquetas: Agrega una etiqueta
Sin etiquetas, Sé el primero en etiquetar este registro!

MARC

LEADER 00000nam^a2200000^a^4500
001 000388485
005 20250521000000.0
009 20260310121055.391
037 |a Acervo ITESO - Biblioteca 
041 |a ESP 
082 |a 361. 8  |b MAT V. 4 
245 0 0 |a Investigación, innovación / 
264 4 |a Santiago, Chile :  |b Consejo de Educación de Adultos de América Latina,  |c 1997, c1997 
300 |a 71 p. 
336 |a texto  |b txt  |2 rdacontenido 
337 |a sin mediación  |b n  |2 rdamedio 
338 |a volumen  |b nc  |2 rdasoporte 
440 1 |a (Materiales para la Formación de Educadores desde la Educación Popular ;  |v 4) 
520 |a La presente colección editada por al CEAAL tiene como objetivo compartir algunas reflexiones y experiencias destinadas a servir como insumo en los eventos de capacitación y formación de profesores en el campo de la educación popular. 
649 |a XX 
650 |a Profesores -  |z Latinoamérica 
650 |a Investigación -  |x Tema Principal 
650 |a Innovación Educativa -  |x Tema Principal 
650 |a Alfabetización -  |z Latinoamérica 
650 |a Formación y Capacitación de Profesores -  |x Tema Principal 
650 |a Educación y Promoción Popular -  |z Latinoamérica -  |x Tema Principal 
650 |a Educación y Sociedad -  |z Latinoamérica 
650 |a Sociología de la Educación -  |z Latinoamérica 
910 |a Fondo Carlos Núñez Hurtado 
920 |a Impresos - Libros 
930 |a Fondos Especiales 
905 |a 117 
901 |a 0500283058  |b IT2  |c ESP  |i D80686  |u 20250521 
902 |a https://opac.biblio.iteso.mx/vufind/Record/000388485